01163nam a2200193Ia 4500001001000000003001000010008004100020040002500061041001300086100003300099245002800132250001100160260009000171300002800261500026600289501011400555520026600669650003400935L235-7372IT-CnALBA170116s9999||||xx |||||||||||||| ||und|| aIT-CnALBAcIT-CnALBA aITALIANO aVAN DE BERGHE OSVALDO, MONS. 0aMARIA E IL SACERDOZIO.  a1a ed. aTORINObSACRO CUORE. LIBRERIA. BERRUTIc1904 [1° Ed.:1904 - Ed.Ling.Originale: 1904] a414 p. (prefazione: 16) aLETTERA DI PIO IX. LETTERE E APPROVAZIONI DI VESCOVI. PREDESTINAZIONE DI MARIA E COMUNIONE CON LA TRINITÀ. MARIA E GESÙ. SACERDOZIO DI GESÙ CRISTO. SACERDOZIO DI MARIA. IL SACRIFICIO DELLA MESSA. FINI E PARTI DELLA MESSA. MARIA E SAN GIOVANNI. SACRIFICIO  aSocietà San Paolo EM - Piazza San Paolo, 14 - 12051 ALBA (CN) (non commercial uses only) ® Copyright 2017 aLETTERA DI PIO IX. LETTERE E APPROVAZIONI DI VESCOVI. PREDESTINAZIONE DI MARIA E COMUNIONE CON LA TRINITÀ. MARIA E GESÙ. SACERDOZIO DI GESÙ CRISTO. SACERDOZIO DI MARIA. IL SACRIFICIO DELLA MESSA. FINI E PARTI DELLA MESSA. MARIA E SAN GIOVANNI. SACRIFICIO  aMARIA SS. ANGELI SANTI DEMONI